Britten´s old clocks and watches and their makers (Record no. 4979)

MARC details
000 -CABECERA
campo de control de longitud fija 01197nam a2200313 a 4500
001 - NÚMERO DE CONTROL
campo de control BRCA_5285
005 - FECHA Y HORA DE LA ÚLTIMA TRANSACCIÓN
campo de control 20190320205021.0
008 - DATOS DE LONGITUD FIJA--INFORMACIÓN GENERAL
campo de control de longitud fija 011210s1982----enka######---#000-0#eng-#
020 ## - NÚMERO INTERNACIONAL ESTÁNDAR DEL LIBRO
Número Internacional Estándar del Libro 0413397203
041 ## - CÓDIGO DE LENGUA
Código de lengua del texto/banda sonora o título independiente eng
044 ## - CÓDIGO DEL PAÍS DE LA ENTIDAD EDITORA/PRODUCTORA
Código MARC del país enk
050 #4 - SIGNATURA TOPOGRÁFICA DE LA BIBLIOTECA DEL CONGRESO
Número de clasificación TS542
Número de documento/Ítem .B75 1982
245 10 - MENCIÓN DE TÍTULO
Título Britten´s old clocks and watches and their makers
Resto del título a history of styles in clocks and watches and their mechanisms
Mención de responsabilidad, etc. edited by G. H. Baillie, Courtenay Ilbert, Cecil Clutton.
250 ## - MENCIÓN DE EDICIÓN
Mención de edición 9
260 ## - PUBLICACIÓN, DISTRIBUCIÓN, ETC.
Lugar de publicación, distribución, etc. Londres
Nombre del editor, distribuidor, etc. Methuen
Fecha de publicación, distribución, etc. 1982
300 ## - DESCRIPCIÓN FÍSICA
Extensión xxvii, 700 p.
Otras características físicas il. (algunas a color), 5 láminas, 1 mapa
Dimensiones 28 cm.
500 ## - NOTA GENERAL
Nota general Incluye lista de ilustraciones, apéndices, glosario e índice alfabético
500 ## - NOTA GENERAL
Nota general Estado físico: primera lámina suelta
500 ## - NOTA GENERAL
Nota general Incluye dedicatoria a Héctor Rivero Borrell
500 ## - NOTA GENERAL
Nota general Donación Dr. Héctor Rivero Borrell Vázquez
504 ## - NOTA DE BIBLIOGRAFÍA, ETC.
Nota de bibliografía, etc. Bibliografía: p. 675-681
600 14 - PUNTO DE ACCESO ADICIONAL DE MATERIA--NOMBRE DE PERSONA
Nombre de persona Britten, Frederick James
Fechas asociadas al nombre 1843-1913
Subdivisión general Colecciones
9 (RLIN) 13544
650 14 - PUNTO DE ACCESO ADICIONAL DE MATERIA--TÉRMINO DE MATERIA
Término de materia o nombre geográfico como elemento de entrada Relojes
Término indicativo de función/relación Colecciones
Subdivisión general Historia
9 (RLIN) 13545
700 1# - PUNTO DE ACCESO ADICIONAL--NOMBRE DE PERSONA
Nombre de persona Baillie, G. H.
Término indicativo de función/relación ed.
9 (RLIN) 13546
700 1# - PUNTO DE ACCESO ADICIONAL--NOMBRE DE PERSONA
Nombre de persona Clutton, Cecil
Término indicativo de función/relación ed.
9 (RLIN) 13547
700 1# - PUNTO DE ACCESO ADICIONAL--NOMBRE DE PERSONA
Nombre de persona Courtenay, Ilbert
Término indicativo de función/relación ed.
9 (RLIN) 13548
902 ## - CATALOGADOR
Iniciales DHR
942 ## - ELEMENTOS DE PUNTO DE ACCESO ADICIONAL (KOHA)
Fuente del sistema de clasificación o colocación Library of Congress Classification
Tipo de ítem Koha Libros
Holdings
Estado de retiro Estado de pérdida Estado dañado No para préstamo Localización permanente Ubicación/localización actual Fecha de adquisición Total de préstamos Signatura topográfica completa Código de barras Fecha visto por última vez Precio válido a partir de Tipo de ítem Koha
El ejemplar forma parte de la colección y puede ser consultado según las políticas vigentes.       Biblioteca del Museo Franz Mayer (Rogerio Casas-Alatriste) Biblioteca del Museo Franz Mayer (Rogerio Casas-Alatriste) 01/12/2010   TS542 .B75 1982 DHR00051 22/03/2019 22/03/2019 Libros